Adios ironía

Gardado en:
Detalles Bibliográficos
Autor Principal: Iommi Amunátegui, Godofredo Tomás (autor)
Formato: Libro
Idioma:Lingua castelá
Publicado: Valparaíso Universidad Católica de Valparaíso 1981
Subjects:
Tags: Engadir etiqueta
Sen Etiquetas, Sexa o primeiro en etiquetar este rexistro!

MARC

LEADER 00000nam a2200000 a 4500
001 UCU2383
003 CL-VaPUC
008 960426e19810000CL |||||||||||||||||spa|d
082 0 4 |a Ch861  |b IOM  |2 21 
100 |a Iommi Amunátegui, Godofredo Tomás  |e autor  |9 604202 
245 1 0 |a Adios ironía 
300 |a 28 p 
942 |c BK 
945 |d 19960426 00:00:00  |a rbrito 
260 |a Valparaíso  |b Universidad Católica de Valparaíso  |c 1981 
650 0 |a Poesías chilenas   |9 265280 
583 |a last modification  |c 19960426 00:00:00  |k Rodrigo Vera 
999 |c 246684  |d 246682 
952 |0 0  |1 0  |4 0  |6 CH_861_000000000000000_IOM_1981  |7 0  |8 A  |9 261866  |a BIBEDU  |b BIBEDU  |d 2019-11-19  |i 3194922  |o Ch861 IOM 1981  |p 3194922  |r 2019-11-19  |w 2019-11-19  |y BK  |k LIT